000 00694nam a2200205 i 4500
001 56343
003 ES-MaACL
007 t|
008 031007s1985 sp ||||1| spa d
020 _a0-19-853905-3
245 0 0 _aDiccionario Oxford de informática
_b: [inglés-español, español-inglés] /
_ctraducción de Blanca de Mendizábal Allende.
250 _a1ª ed.
260 _aMadrid ;
_aBarcelona :
_bDíaz de Santos,
_c1985.
300 _aXIII, 579 p. ;
_c25 cm.
490 1 _aHombre, tecnología y sociedad
700 1 _aMendizábal Allende, Blanca de.
_980221
830 0 _aHombre, tecnología y sociedad
_9187046
852 _aES-MaACL
_jG-1539
_bR.114150
999 _c56343
_d56343